000 01056nam a2200325 i 4500
003 EG-GICUC
005 20260121101738.0
008 260119s1910 fr d|||fr||| 00|00 ffre d
040 _aEG-GiCUC
_bfre
_cEG-GiCUC
_dEG-GiCUC
_eRda
041 _afre
082 0 4 _221
_a341.33
_bMO . M
092 0 4 _221
099 _aLaw1 11 341.33 MO . M 3 ed - 1910
100 1 _a Monnet, R.
_eAuteur
245 1 0 _aManuel Diplomatique Et Consulamre :
_bAide-mémoire Pratique Des Chancelleries /
_cPar R. Monnet.
250 _aTroisième Édition
264 1 _aParis :
_bBerger-levrault & C, Éditeurs,
_c1910.
300 _a730 page :
_btableaux ;
_c24 cm.
336 _2rda contenu
_a texte
337 _2rda medias
_aOrdinateur
338 _2 transporteur rda
_a Ressource en ligne
504 _aBibliography: pages 279-281.
546 _aTexte en français
650 4 _aDiplomatie
_2qrmak
650 4 _aCorps diplomatique
651 1 _2qrmak
856 4 0 _uhttps://fll.law.cu.edu.eg/fulltext/bks/B11-06502.pdf
905 _a79
942 _2ddc
_cBK
_e21
_n0
999 _c57701
_d57701